00237cam a2200109ua 45000010005000000080039000050400009000440410012000530820015000651000025000802450022001052652131127n II |||gr||||Z||||||hin aMAIN aEnglish a891.43 SHA aSHARMA, LALIT KUMAR. aNADAK AUR RANGRAJ